LEADER 01232nam--2200421---450- 001 990000667490203316 005 20050719130835.0 010 $a0-8047-1366-9 035 $a0066749 035 $aUSA010066749 035 $a(ALEPH)000066749USA01 035 $a0066749 100 $a20011005d1987----km-y0itay0103----ba 101 $aeng 102 $aUS 105 $a||||||||001yy 200 1 $aGender and kinship$eessays toward a unified analysis$fedited by Jane Fishburne Collier and Sylvia Junko Yanagisako 210 $aStanford$cStanford university press$d1987 215 $aXIII, 369 p.$d23 cm 410 $12001 461 1$1001-------$12001 606 0 $aParentela 606 0 $aFamiglia 606 0 $aMatrimonio 676 $a306.83 702 1$aCOLLIER,$bJane Fishburne 702 1$aYANAGISAKO,$bSylvia Junko 801 0$aIT$bsalbc$gISBD 912 $a990000667490203316 951 $aII.5. 4010(II i C 1397)$b130292 LM$cII i C 959 $aBK 969 $aUMA 979 $aPATTY$b90$c20011005$lUSA01$h1037 979 $c20020403$lUSA01$h1716 979 $aPATRY$b90$c20040406$lUSA01$h1646 979 $aCOPAT5$b90$c20050719$lUSA01$h1308 996 $aGENDER and kinship$9620678 997 $aUNISA LEADER 01759oam 2200493 450 001 9910715301803321 005 20210615135507.0 035 $a(CKB)5470000002511021 035 $a(OCoLC)1241689471 035 $a(EXLCZ)995470000002511021 100 $a20210315d2020 ua 0 101 0 $aeng 135 $aur||||||||||| 181 $ctxt$2rdacontent 182 $cc$2rdamedia 183 $acr$2rdacarrier 200 13$aAn Act to Establish a Crisis Stabilization and Community Reentry Grant Program, and for Other Purposes 210 1$a[Washington, D.C.] :$c[U.S. Government Publishing Office],$d[2020] 215 $a1 online resource (5 unnumbered pages) 300 $a"Dec. 31, 2020 (S. 3312)." 300 $a"134 Stat. 3381." 300 $a"Public Law 116-281." 606 $aPrisoners$xDeinstitutionalization$zUnited States 606 $aEx-convicts$xMental health services$zUnited States 606 $aGrants-in-aid$xLaw and legislation$zUnited States 606 $aGrants-in-aid$xLaw and legislation$2fast 606 $aPrisoners$xDeinstitutionalization$2fast 607 $aUnited States$2fast 608 $aStatutes and codes.$2fast 608 $aStatutes and codes.$2lcgft 615 0$aPrisoners$xDeinstitutionalization 615 0$aEx-convicts$xMental health services 615 0$aGrants-in-aid$xLaw and legislation 615 7$aGrants-in-aid$xLaw and legislation. 615 7$aPrisoners$xDeinstitutionalization. 801 0$bGPO 801 1$bGPO 801 2$bOCLCO 801 2$bOCLCF 801 2$bGPO 906 $aBOOK 912 $a9910715301803321 996 $aAn Act to Establish a Crisis Stabilization and Community Reentry Grant Program, and for Other Purposes$93533687 997 $aUNINA